000 00877cam a2200265 i 4500
999 _c5222
_d5222
003 OSt
005 20220405103856.0
008 800926s1981 njua b 001 0 eng
020 _a0139136576 :
040 _cALUPE UNIVERSITY
050 0 0 _aRT84.5
_b.R69 1981
100 1 _aRoy, Callista.
245 1 0 _aTheory construction in nursing :
_ban adaptation model /
_cCallista Roy, Sharon L. Roberts.
260 _aEnglewood Cliffs, N.J. :
_bPrentice-Hall,
_cc1981.
300 _axv, 299 p. :
_bill. ;
_c24 cm.
504 _aIncludes bibliographies and indexes.
650 0 _aNursing
_xPhilosophy.
650 0 _aTheory (Philosophy)
650 0 _aRoy adaptation model.
650 0 _aAdaptation (Physiology)
650 0 _aAdjustment (Psychology)
700 1 _aRoberts, Sharon L.,
_d1942-
_ejoint author.
906 _a7
_bcbc
_corignew
_d1
_eocip
_f19
_gy-gencatlg
942 _2lcc
_cBK